Sports Quiz

Random Sports or Baseball Quiz
Score 0/45 Timer 07:00
3 Plays Today
Years Manager % Correct
1996-2007Joe Torre
97%
2008-2017Joe Girardi
90%
1983Billy Martin
86.8%
1985Billy Martin
86.7%
1975-1978Billy Martin
86.7%
1988Billy Martin
86.7%
1979Billy Martin
86.7%
2018-presentAaron Boone
85.3%
1949-1960Casey Stengel
70.4%
1984-1985Yogi Berra
70.2%
1964Yogi Berra
70.2%
1992-1995Buck Showalter
66.4%
1986-1987Lou Piniella
47.9%
1988Lou Piniella
47.9%
1931-1946Joe McCarthy
43.1%
1978-1979Bob Lemon
40.8%
1981-1982Bob Lemon
40.8%
1918-1929Miller Huggins
39.3%
1966-1973Ralph Houk
38%
1961-1963Ralph Houk
38%
1989Dallas Green
30.3%
1982 (interim)Gene Michael
28%
1981Gene Michael
27.9%
Years Manager % Correct
1989-1990Bucky Dent
27.2%
1978 (interim)Dick Howser
25%
1980Dick Howser
24.9%
1990-1991Stump Merrill
24.4%
1901-1902John McGraw
17%
1974-1975Bill Virdon
16.4%
1965-1966Johnny Keane
14.8%
1946Bill Dickey
14.4%
1947-1948Bucky Harris
13.6%
1982 (interim)Clyde King
12.2%
1910-1911Hal Chase
8.9%
1913-1914Frank Chance
8%
1902Wilbert Robinson
7.6%
1914Roger Peckinpaugh
6.8%
1903-1908Clark Griffith
6.5%
1930Bob Shawkey
6%
1915-1917Wild Bill Donovan
4.5%
1946 (interim)Johnny Neun
4.4%
1909-1910George Stallings
4.2%
1929 (interim)Art Fletcher
4%
1908Kid Elberfeld
3.7%
1912Harry Wolverton
3.4%
Come Together.
Have Fun.
All Virtual.
We all need to come together. Play Sporcle's virtual live trivia to have fun, connect with people, and get your trivia on. Join a live hosted trivia game for your favorite pub trivia experience done virtually. If a virtual private party is more your thing, go here for details.

You're not logged in!

Compare scores with friends on all Sporcle quizzes.
OR
Log In

Sporcle TV

Today on Sporcle TV


Watch our educational content, quiz creation guides, and fun videos on Sporcle TV.

Show Comments

Extras

Top Quizzes Today


Score Distribution

Paid Content

Your Account Isn't Verified!

In order to create a playlist on Sporcle, you need to verify the email address you used during registration. Go to your Sporcle Settings to finish the process.

Report this User

Report this user for behavior that violates our Community Guidelines.

Details: